[Event "XVIII MIEDZYNARODOWY FESTIWAL SZACHOWY PERLA BALTYKU - TURNIEJ KOLOWY Z NORMA IM"]
[Site "LAZY"]
[Date "1899-12-30"]
[Round "1.1"]
[White "Grzesik, Gracjan"]
[Black "Szczepinski, Michal"]
[Result "1-0"]
[WhiteTitle "k"]
[BlackTitle "m"]
[WhiteElo "2218"]
[BlackElo "2337"]

1. c4 Nf6 2. Nc3 g6 3. g3 Bg7 4. Bg2 O-O 5. d4 d6 6. e4 e5 7. Nge2 exd4 8. Nxd4
Nc6 9. Nxc6 bxc6 10. O-O Be6 11. Qe2 Re8 12. Bd2 Rb8 13. b3 Qd7 14. Rfe1 Bh3 15.
Qd3 Bxg2 16. Kxg2 h5 17. h3 Re6 18. Rad1 Rbe8 19. f3 Qc8 20. Be3 Nd7 21. Bd4 Ne5
22. Qd2 c5 23. Be3 f5 24. exf5 gxf5 25. Nd5 Qb7 26. Bg5 Kh8 27. Qc2 Nc6 28. Rxe6
Rxe6 29. Qxf5 Qc8 30. Qd3 Nd4 31. Nf4 Re8 32. Ng6+ Kg8 33. Ne7+ Rxe7 34. Bxe7
Qe6 35. Bg5 c6 36. Be3 Nf5 37. Bf2 Bd4 38. Qe4 Qf6 39. Re1 h4 40. g4 Bxf2 41.
Kxf2 Ng7 42. Re2 Qc3 43. Kg2 Qf6 44. f4 Qc3 45. Qe3 Qf6 46. f5 Kf7 47. g5 Qd4
48. Qe7+ Kg8 49. f6 Qd3 50. Qxg7# 1-0

[Event "XVIII MIEDZYNARODOWY FESTIWAL SZACHOWY PERLA BALTYKU - TURNIEJ KOLOWY Z NORMA IM"]
[Site "LAZY"]
[Date "1899-12-30"]
[Round "1.2"]
[White "Sriram, Jha"]
[Black "Karpus, Michal"]
[Result "0-1"]
[WhiteTitle "GM"]
[BlackTitle "FM"]
[WhiteElo "2361"]
[BlackElo "2185"]

1. d4 Nf6 2. Nf3 g6 3. c4 Bg7 4. g3 d5 5. Bg2 O-O 6. O-O e6 7. Nc3 b6 8. Ne5 Bb7
9. Bf4 Na6 10. Rc1 Qe7 11. Qa4 c5 12. cxd5 Nxd5 13. Nxd5 exd5 14. Nf3 Qxe2 15.
Rfe1 Qxb2 16. Rb1 Qc3 17. Qd7 Bc8 18. Qxd5 Bf5 19. Rbc1 Qa3 20. Nh4 Rad8 21. Qb7
Rd7 22. Qf3 Qxf3 23. Bxf3 Be6 24. Be2 Nb4 25. dxc5 Nxa2 26. c6 Nxc1 27. Rxc1 Rd5
28. Nf3 Rc5 29. Rxc5 bxc5 30. Bb5 Bd5 31. Nd2 a6 32. Ba4 Re8 33. Kf1 Be6 34. c7
Bh3+ 0-1

[Event "XVIII MIEDZYNARODOWY FESTIWAL SZACHOWY PERLA BALTYKU - TURNIEJ KOLOWY Z NORMA IM"]
[Site "LAZY"]
[Date "1899-12-30"]
[Round "1.3"]
[White "Nowak, Mikolaj"]
[Black "Strebkovs, Andrejs"]
[Result "1/2-1/2"]
[WhiteTitle "m"]
[BlackTitle "IM"]
[WhiteElo "2351"]
[BlackElo "2283"]

1. c4 c6 2. e4 d5 3. exd5 cxd5 4. d4 Nf6 5. Nc3 g6 6. Qb3 Bg7 7. cxd5 O-O 8. Be2
b6 9. Bf3 Bb7 10. Nge2 Na6 11. O-O Qd7 12. Re1 Rad8 13. Bg5 h6 14. Bxf6 Bxf6 15.
Rad1 Bc8 16. Ne4 Bg7 17. N2c3 Nc7 18. Qa3 Ne8 19. Be2 Nd6 20. Nxd6 Qxd6 21. Qb3
Bf5 22. Bf3 a6 23. a4 Rb8 24. Be2 Bc8 25. Ne4 Qf4 26. Bf3 b5 27. axb5 Rxb5 28.
Qa3 Kh8 29. Nc3 Rb6 30. Rxe7 Rd8 31. Re2 Bf8 32. Qa5 Rbd6 33. Re4 Qf6 34. Rde1
Bf5 35. Re5 Qh4 36. Qa4 Bd7 37. Qc4 Bb5 38. Nxb5 axb5 39. Qxb5 Qxd4 40. R5e2 Rb6
41. Qa5 Bb4 42. Qa4 Kg7 43. Rd1 Qf6 44. Qc2 Rdb8 45. Qd3 Bd6 46. Qc3 Rxb2 47.
Qxf6+ Kxf6 48. g3 Rxe2 49. Bxe2 Rb2 50. Kf1 Ke5 51. h4 Bc5 52. Rd3 Rb1+ 53. Kg2
Rb2 54. Kf1 Rb1+ 55. Kg2 1/2-1/2

[Event "XVIII MIEDZYNARODOWY FESTIWAL SZACHOWY PERLA BALTYKU - TURNIEJ KOLOWY Z NORMA IM"]
[Site "LAZY"]
[Date "1899-12-30"]
[Round "1.4"]
[White "Gazik, Igor"]
[Black "Sliwicka, Alicja"]
[Result "0-1"]
[WhiteTitle "IM"]
[BlackTitle "WIM"]
[WhiteElo "2230"]
[BlackElo "2257"]

1. e4 c5 2. Nf3 d6 3. d4 cxd4 4. Nxd4 Nf6 5. Nc3 Bd7 6. Bg5 e6 7. Qd2 a6 8. O-O-O
h6 9. Bxf6 Qxf6 10. f4 Nc6 11. Nf3 Qd8 12. Kb1 Qc7 13. g4 O-O-O 14. h4 Kb8 15.
Rh3 Be7 16. g5 Rc8 17. Rg3 Na5 18. e5 d5 19. gxh6 gxh6 20. Rg7 Rhf8 21. Ne2 Nc4
22. Qd3 Bb5 23. Qb3 Ne3 24. a4 Bxe2 25. Bxe2 Nxd1 26. Bxd1 Qc4 27. c3 Qxf4 28.
Nd4 Qxe5 29. Be2 Qd6 30. Rh7 Bf6 31. Rxh6 Bxd4 32. cxd4 Rc6 33. h5 Rb6 0-1

[Event "XVIII MIEDZYNARODOWY FESTIWAL SZACHOWY PERLA BALTYKU - TURNIEJ KOLOWY Z NORMA IM"]
[Site "LAZY"]
[Date "1899-12-30"]
[Round "1.5"]
[White "Strzemiecki, Zbigniew"]
[Black "Aarav, Dengla"]
[Result "1/2-1/2"]
[WhiteTitle "IM"]
[BlackTitle "k"]
[WhiteElo "2351"]
[BlackElo "2109"]

1. c4 e6 2. e4 d5 3. exd5 exd5 4. d4 Nf6 5. Nc3 Be7 6. Nf3 O-O 7. Be3 dxc4 8. Bxc4
Nbd7 9. O-O Nb6 10. Bb3 c6 11. Ne5 Nbd5 12. Bg5 Be6 13. Bc2 Nb4 14. Bb1 Nfd5 15.
Qh5 g6 16. Nxg6 fxg6 17. Bxg6 Rf7 18. Bxf7+ Bxf7 19. Bxe7 Bxh5 20. Bxd8 Rxd8 21.
Rae1 Nd3 22. Nxd5 Nxe1 23. Nf6+ Kf7 24. Nxh5 Nd3 25. b3 Nb4 26. Rd1 Nxa2 27. Kf1
Nc3 28. Rd3 Nb5 29. Rf3+ Ke7 30. Rg3 Rf8 31. Rg4 Rf5 32. Ng3 Rf7 33. f3 a5 34.
Ke2 Nc3+ 35. Kd3 Nd5 36. Ne4 Kd7 37. Nc3 Nb4+ 38. Kd2 b5 39. h4 Kd6 40. Ne4+ Kd5
41. Nc3+ Kd6 42. Ne4+ Kd5 43. Nc3+ Kd6 1/2-1/2

[Event "XVIII MIEDZYNARODOWY FESTIWAL SZACHOWY PERLA BALTYKU - TURNIEJ KOLOWY Z NORMA IM"]
[Site "LAZY"]
[Date "1899-12-30"]
[Round "2.1"]
[White "Szczepinski, Michal"]
[Black "Aarav, Dengla"]
[Result "1/2-1/2"]
[WhiteTitle "m"]
[BlackTitle "k"]
[WhiteElo "2337"]
[BlackElo "2109"]

1. e4 c5 2. Nc3 Nc6 3. g3 g6 4. Bg2 Bg7 5. d3 d6 6. Be3 Rb8 7. Qd2 b5 8. a3 a5
9. Nge2 Nd4 10. O-O e6 11. Nd1 Qc7 12. Nc1 Ne7 13. c3 Ndc6 14. Bh6 O-O 15. Bxg7
Kxg7 16. Ne3 Rd8 17. Ne2 Ba6 18. f4 f5 19. g4 Rf8 20. Ng3 Bc8 21. Rae1 Bd7 22.
gxf5 exf5 23. Nd5 Nxd5 24. exd5 Nd8 25. Re7+ Nf7 26. c4 b4 27. b3 Rbe8 28. Qb2+
Kg8 29. Rfe1 Rxe7 30. Rxe7 Re8 31. Rxe8+ Bxe8 32. a4 Qe7 33. Qe2 Kf8 34. Bf3 Qf6
35. Qd2 Qa1+ 36. Kg2 Bd7 1/2-1/2

[Event "XVIII MIEDZYNARODOWY FESTIWAL SZACHOWY PERLA BALTYKU - TURNIEJ KOLOWY Z NORMA IM"]
[Site "LAZY"]
[Date "1899-12-30"]
[Round "2.2"]
[White "Sliwicka, Alicja"]
[Black "Strzemiecki, Zbigniew"]
[Result "0-1"]
[WhiteTitle "WIM"]
[BlackTitle "IM"]
[WhiteElo "2257"]
[BlackElo "2351"]

1. e4 e6 2. d4 d5 3. e5 c5 4. c3 Nc6 5. Nf3 Qb6 6. Bd3 cxd4 7. O-O Bd7 8. Re1 Nge7
9. h4 h6 10. h5 Rc8 11. Nbd2 dxc3 12. bxc3 Na5 13. Rb1 Qc7 14. c4 dxc4 15. Ne4
Nd5 16. Bc2 Nc6 17. Bb2 c3 18. Nd6+ Bxd6 19. exd6 Qa5 20. Bc1 Ndb4 21. a3 Nxc2
22. Qxc2 b6 23. Re4 O-O 24. Rb3 Qxh5 25. Rxc3 Qd5 26. Bb2 e5 27. Rec4 f6 28. Bc1
Qxd6 29. Bxh6 Ne7 30. Bd2 Be6 31. Rc7 Rxc7 32. Rxc7 Rc8 33. Rxc8+ Nxc8 34. Bb4
Qd7 35. Nh4 a5 36. Bd2 Ne7 37. Kh2 Kf7 38. Be3 b5 39. Bd2 Qa7 40. Be3 Qd7 41.
Bd2 b4 42. axb4 axb4 43. Bc1 Qc6 44. Qb1 b3 45. Nf3 Qc2 46. Qb2 Qxb2 47. Bxb2
Nd5 48. Ne1 Bf5 49. Nf3 Nb6 50. Nd2 Na4 51. Ba3 b2 52. Kg3 b1=Q 53. Nxb1 Bxb1
54. Kf3 Nb6 55. Bc5 Nd5 0-1

[Event "XVIII MIEDZYNARODOWY FESTIWAL SZACHOWY PERLA BALTYKU - TURNIEJ KOLOWY Z NORMA IM"]
[Site "LAZY"]
[Date "1899-12-30"]
[Round "2.3"]
[White "Strebkovs, Andrejs"]
[Black "Gazik, Igor"]
[Result "1-0"]
[WhiteTitle "IM"]
[BlackTitle "IM"]
[WhiteElo "2283"]
[BlackElo "2230"]

1. d4 f5 2. Bg5 h6 3. Bh4 g5 4. e3 Nf6 5. Bg3 Bg7 6. h4 g4 7. Nc3 d6 8. Nge2 Nh5
9. d5 c6 10. Qd2 Qb6 11. O-O-O Nd7 12. Nd4 Ndf6 13. Bc4 Bd7 14. Qd3 cxd5 15. Nxd5
Nxd5 16. Bxd5 Rc8 17. c3 Rc5 18. Nxf5 Bxc3 19. Nxd6+ exd6 20. bxc3 Nxg3 21. fxg3
Rf8 22. Bb3 Rf6 23. Qd4 Re5 24. Rhe1 Ke7 25. Qd3 Bf5 26. e4 Bg6 27. Bd5 Qc5 28.
Rd2 b5 29. Qd4 Kf8 30. Rb2 a6 31. Bb7 Qa3 32. Qb4 Qxb4 33. cxb4 Re7 34. Bxa6 d5
35. Bxb5 Bxe4 36. Rf1 Kg7 37. Rxf6 Kxf6 38. a4 Ke5 39. Be2 Kd4 40. Kd2 Rf7 41.
b5 Rf2 42. Ke1 Rf8 43. Kd2 Rf2 44. b6 Bd3 45. Ke1 Ke3 46. b7 Bxe2 47. Rb3+ 1-0

[Event "XVIII MIEDZYNARODOWY FESTIWAL SZACHOWY PERLA BALTYKU - TURNIEJ KOLOWY Z NORMA IM"]
[Site "LAZY"]
[Date "1899-12-30"]
[Round "2.4"]
[White "Karpus, Michal"]
[Black "Nowak, Mikolaj"]
[Result "1/2-1/2"]
[WhiteTitle "FM"]
[BlackTitle "m"]
[WhiteElo "2185"]
[BlackElo "2351"]

1. e4 Nc6 2. d4 d5 3. Nc3 dxe4 4. d5 Nb8 5. f3 exf3 6. Qxf3 Nf6 7. Bg5 g6 8. Bb5+
Nbd7 9. O-O-O Bg7 10. h3 O-O 11. Qe3 Nb6 12. Qf3 Bd7 13. Bxd7 Qxd7 14. Nge2 Rad8
15. Rhe1 Rfe8 16. Kb1 a6 17. g4 Nc4 18. Bc1 c6 19. Nf4 Nd6 20. g5 Nxd5 21. Ncxd5
cxd5 22. Nxd5 Rc8 23. Qb3 Rc5 24. Qe3 Rc6 25. Nb4 Rcc8 26. Nd5 Nf5 27. Qa3 Qc6
28. c3 Bf8 29. Qb4 Rcd8 30. Qe4 Bg7 31. Nxe7+ Nxe7 32. Rxd8 Rxd8 33. Qxe7 Qd5
34. h4 1/2-1/2

[Event "XVIII MIEDZYNARODOWY FESTIWAL SZACHOWY PERLA BALTYKU - TURNIEJ KOLOWY Z NORMA IM"]
[Site "LAZY"]
[Date "1899-12-30"]
[Round "2.5"]
[White "Grzesik, Gracjan"]
[Black "Sriram, Jha"]
[Result "0-1"]
[WhiteTitle "k"]
[BlackTitle "GM"]
[WhiteElo "2218"]
[BlackElo "2361"]

1. c4 c5 2. Nf3 Nc6 3. Nc3 e5 4. g3 g6 5. Bg2 Bg7 6. d3 Nge7 7. O-O O-O 8. Ne1
d6 9. Nc2 Be6 10. Ne3 Qd7 11. Ned5 Bh3 12. e3 Bxg2 13. Kxg2 Rab8 14. Rb1 Nxd5
15. Nxd5 b5 16. b3 Ne7 17. Qf3 Nxd5 18. Qxd5 Qb7 19. Qxb7 Rxb7 20. e4 f5 21. f3
fxe4 22. fxe4 Rfb8 23. Be3 a5 24. Rbd1 Ra8 25. Rb1 Rab8 26. Rbd1 Bf8 27. Bd2 bxc4
28. dxc4 a4 29. bxa4 Rb2 30. Rf2 Rxa2 31. Ba5 Rxf2+ 32. Kxf2 Ra8 33. Bc7 Ra7 34.
Bxd6 Rd7 35. Bxf8 Rxd1 36. Bxc5 Rc1 37. Bd6 Rxc4 38. Ke3 Rc3+ 39. Kd2 Rc4 40.
Ke3 Rxa4 41. Bxe5 g5 42. Bf6 Ra3+ 43. Kf2 g4 44. e5 Kf7 45. Kg2 Ra2+ 46. Kg1 Ke6
47. Kh1 h5 48. Kg1 Rc2 49. Kh1 Kf5 50. Bg7 Ke4 51. e6 Kf3 52. h3 Kxg3 53. Bd4
Kxh3 54. e7 Rc1+ 55. Bg1 g3 0-1

[Event "XVIII MIEDZYNARODOWY FESTIWAL SZACHOWY PERLA BALTYKU - TURNIEJ KOLOWY Z NORMA IM"]
[Site "LAZY"]
[Date "1899-12-30"]
[Round "3.1"]
[White "Sriram, Jha"]
[Black "Szczepinski, Michal"]
[Result "1-0"]
[WhiteTitle "GM"]
[BlackTitle "m"]
[WhiteElo "2361"]
[BlackElo "2337"]

1. Nf3 Nf6 2. g3 g6 3. b3 Bg7 4. Bb2 d6 5. d4 O-O 6. Bg2 e5 7. dxe5 Nfd7 8. Qd2
Nc6 9. Nc3 Ndxe5 10. Nxe5 Bxe5 11. O-O-O Be6 12. h4 h5 13. f4 Bg7 14. Ne4 Bxb2+
15. Kxb2 Qe7 16. Qc3 f6 17. Nf2 d5 18. Bxd5 Bxd5 19. Rxd5 Qxe2 20. Rd2 Qe6 21.
Nd3 Rad8 22. Nc5 Qf5 23. Rhd1 Rxd2 24. Rxd2 Rd8 25. Nxb7 Rxd2 26. Qxd2 Qe4 27.
Nc5 Qd4+ 28. Qxd4 Nxd4 29. Ne4 f5 30. Nd2 Kf7 31. c3 Nb5 32. Nc4 a6 33. a4 Na7
34. Ne5+ Ke6 35. c4 c5 36. a5 Kd6 37. Kc3 Nc6 38. Nxc6 Kxc6 39. b4 Kd6 40. b5
Kc7 41. bxa6 Kb8 42. Kb3 Ka7 43. Ka3 1-0

[Event "XVIII MIEDZYNARODOWY FESTIWAL SZACHOWY PERLA BALTYKU - TURNIEJ KOLOWY Z NORMA IM"]
[Site "LAZY"]
[Date "1899-12-30"]
[Round "3.2"]
[White "Nowak, Mikolaj"]
[Black "Grzesik, Gracjan"]
[Result "1-0"]
[WhiteTitle "m"]
[BlackTitle "k"]
[WhiteElo "2351"]
[BlackElo "2218"]

1. d4 Nf6 2. Nf3 e6 3. c4 c5 4. g3 b6 5. d5 exd5 6. cxd5 d6 7. Nc3 g6 8. Bg2 Bg7
9. O-O O-O 10. Nd2 a6 11. a4 Qc7 12. Nc4 Re8 13. Bf4 Bf8 14. Re1 Nbd7 15. Rc1
Rb8 16. Na3 Nh5 17. Bd2 b5 18. axb5 axb5 19. Ncxb5 Qb6 20. b4 Ba6 21. bxc5 Nxc5
22. Rb1 Bxb5 23. Nxb5 Bg7 24. Qc2 Rbc8 25. Nd4 Qa6 26. Nc6 f5 27. Bf3 Ne4 28.
Be3 Kh8 29. Rb6 Qa3 30. Rb3 Qa4 31. Bxh5 gxh5 32. Qd3 Kg8 33. Rb4 Qa2 34. Rb7
Bf6 35. f3 Nc3 36. Qxf5 Nxe2+ 37. Rxe2 Qa1+ 38. Kg2 1-0

[Event "XVIII MIEDZYNARODOWY FESTIWAL SZACHOWY PERLA BALTYKU - TURNIEJ KOLOWY Z NORMA IM"]
[Site "LAZY"]
[Date "1899-12-30"]
[Round "3.3"]
[White "Gazik, Igor"]
[Black "Karpus, Michal"]
[Result "1/2-1/2"]
[WhiteTitle "IM"]
[BlackTitle "FM"]
[WhiteElo "2230"]
[BlackElo "2185"]

1. e4 e5 2. Nf3 Nc6 3. Nc3 Nf6 4. d4 exd4 5. Nxd4 Bb4 6. Nxc6 bxc6 7. Bd3 d5 8.
exd5 cxd5 9. O-O O-O 10. Bg5 c6 11. Qf3 Bd6 12. Rae1 Rb8 13. Nd1 h6 14. Bxf6 Qxf6
15. Qxf6 gxf6 16. b3 f5 17. Ne3 f4 18. Nf5 Bxf5 19. Bxf5 Kg7 20. Bd7 Rb6 21. Re8
Rxe8 22. Bxe8 Be5 23. Rd1 Kf6 24. Kf1 Ke7 25. Re1 Kf6 26. Bd7 c5 27. Rd1 Rd6 28.
Bc8 c4 29. Bb7 Ke6 30. Ke2 Bc3 31. Kf3 Be5 32. Kg4 cxb3 33. axb3 Rd8 34. Kh5 Bf6
35. Re1+ Kf5 36. Ba6 Bd4 37. Bd3+ Kf6 38. g3 Bxf2 39. Rf1 Be3 40. Kg4 Rb8 41.
Kf3 1/2-1/2

[Event "XVIII MIEDZYNARODOWY FESTIWAL SZACHOWY PERLA BALTYKU - TURNIEJ KOLOWY Z NORMA IM"]
[Site "LAZY"]
[Date "1899-12-30"]
[Round "3.5"]
[White "Aarav, Dengla"]
[Black "Sliwicka, Alicja"]
[Result "1/2-1/2"]
[WhiteTitle "k"]
[BlackTitle "WIM"]
[WhiteElo "2109"]
[BlackElo "2257"]

1. e4 e5 2. Nf3 Nc6 3. Bb5 a6 4. Ba4 d6 5. c3 Bd7 6. O-O g6 7. Re1 Bg7 8. d4 Nf6
9. Bxc6 Bxc6 10. dxe5 Nxe4 11. exd6 O-O 12. Bf4 cxd6 13. Na3 Rc8 14. Nd4 d5 15.
Nac2 Re8 16. f3 Nc5 17. Qd2 Qd7 18. Rad1 Rxe1+ 19. Rxe1 Re8 20. Rd1 Ne6 21. Be3
Nc7 22. Nb3 Ne6 23. Nb4 Qe7 24. Qf2 Nc7 25. Bb6 Be5 26. Bd4 Bd6 27. Nd3 Ne6 28.
Re1 Qg5 29. Be5 Nf4 30. Bxf4 Bxf4 31. Rxe8+ Bxe8 32. Nxf4 Qxf4 33. Qd2 Qf5 34.
a3 Bb5 35. Kf2 Qb1 36. Qc1 Qd3 37. Nd4 Kg7 38. Qe1 Kf8 39. Kg3 h5 40. h4 Qc4 41.
Qe5 Qf1 42. Qh8+ Ke7 43. Qe5+ Kf8 44. Nc2 Qd1 45. Nd4 Qf1 1/2-1/2

[Event "XVIII MIEDZYNARODOWY FESTIWAL SZACHOWY PERLA BALTYKU - TURNIEJ KOLOWY Z NORMA IM"]
[Site "LAZY"]
[Date "1899-12-30"]
[Round "4.1"]
[White "Szczepinski, Michal"]
[Black "Sliwicka, Alicja"]
[Result "0-1"]
[WhiteTitle "m"]
[BlackTitle "WIM"]
[WhiteElo "2337"]
[BlackElo "2257"]

1. e4 c5 2. Nc3 e6 3. g3 d5 4. exd5 exd5 5. d4 cxd4 6. Qxd4 Nf6 7. Bg5 Be7 8. Bg2
Nc6 9. Qd2 O-O 10. Nge2 Bg4 11. O-O d4 12. Nd1 Re8 13. Bxf6 Bxf6 14. f3 Bf5 15.
Nf4 Ne5 16. g4 Bd7 17. Nd3 Nc4 18. Qb4 b5 19. f4 Rc8 20. Bd5 a5 21. Qb3 Bxg4 22.
Qxb5 Nd6 23. Qb3 Qd7 24. N1f2 Be2 25. Rfe1 Rb8 26. Qa3 Nb5 27. Qb3 Nc7 28. Bxf7+
Qxf7 29. Qxf7+ Kxf7 30. Rab1 Nd5 31. Kg2 Ne3+ 32. Kg3 Nxc2 33. Ne5+ Rxe5 34. fxe5
Bxe5+ 35. Kh4 Nxe1 36. Rxe1 Bf6+ 0-1

[Event "XVIII MIEDZYNARODOWY FESTIWAL SZACHOWY PERLA BALTYKU - TURNIEJ KOLOWY Z NORMA IM"]
[Site "LAZY"]
[Date "1899-12-30"]
[Round "4.2"]
[White "Strebkovs, Andrejs"]
[Black "Aarav, Dengla"]
[Result "1/2-1/2"]
[WhiteTitle "IM"]
[BlackTitle "k"]
[WhiteElo "2283"]
[BlackElo "2109"]

1. d4 d5 2. Nf3 e6 3. g3 Nf6 4. Bg2 c5 5. O-O Nbd7 6. c4 dxc4 7. Na3 Nb6 8. dxc5
Qxd1 9. Rxd1 Bxc5 10. Ne5 Bxa3 11. bxa3 Nfd5 12. Bd2 f6 13. Nf3 e5 14. Ba5 Be6
15. Nd2 Rc8 16. Bxb6 Nxb6 17. Bxb7 Rc7 18. Be4 Ke7 19. Rac1 Na4 20. Nf1 f5 21.
Bb1 g6 22. Ne3 Rd8 23. Rxd8 Kxd8 24. Kf1 Ke7 25. Nd1 Kd6 26. Bc2 Nb6 27. Nc3 Kc5
28. Ke1 Bd7 29. e3 Bc6 30. Rd1 Rc8 31. Rb1 a6 32. Rb4 Rd8 33. Rb1 Bf3 34. Rb4
Bc6 35. Rb1 Bf3 36. Rb4 1/2-1/2

[Event "XVIII MIEDZYNARODOWY FESTIWAL SZACHOWY PERLA BALTYKU - TURNIEJ KOLOWY Z NORMA IM"]
[Site "LAZY"]
[Date "1899-12-30"]
[Round "4.3"]
[White "Karpus, Michal"]
[Black "Strzemiecki, Zbigniew"]
[Result "1-0"]
[WhiteTitle "FM"]
[BlackTitle "IM"]
[WhiteElo "2185"]
[BlackElo "2351"]

1. e4 e6 2. d4 d5 3. Nd2 Nf6 4. e5 Nfd7 5. Bd3 c5 6. c3 Nc6 7. Ne2 cxd4 8. cxd4
f6 9. exf6 Nxf6 10. Nf3 Bd6 11. O-O Qc7 12. Nc3 a6 13. h3 O-O 14. Re1 Bd7 15.
Be3 Be8 16. Rc1 Bh5 17. Be2 h6 18. a3 Qf7 19. Na4 Nd7 20. b4 Bg6 21. Qb3 Bf5 22.
Red1 Kh8 23. Nc5 Nxc5 24. dxc5 Bc7 25. a4 Ne5 26. Nxe5 Bxe5 27. c6 bxc6 28. Rxc6
d4 29. Rxd4 Bxd4 30. Bxd4 a5 31. b5 Rad8 32. Qe3 Qg6 33. Rc7 Rg8 34. Be5 Be4 35.
g4 Bd3 36. Bf3 Bc2 37. b6 Rd3 38. Qf4 Bb3 39. Rxg7 Rxg7 40. Qf8+ Kh7 41. Be4 Rd1+
42. Kh2 Rh1+ 43. Kg3 Rg1+ 44. Kh4 1-0

[Event "XVIII MIEDZYNARODOWY FESTIWAL SZACHOWY PERLA BALTYKU - TURNIEJ KOLOWY Z NORMA IM"]
[Site "LAZY"]
[Date "1899-12-30"]
[Round "4.4"]
[White "Grzesik, Gracjan"]
[Black "Gazik, Igor"]
[Result "1/2-1/2"]
[WhiteTitle "k"]
[BlackTitle "IM"]
[WhiteElo "2218"]
[BlackElo "2230"]

1. c4 e5 2. Nc3 Nc6 3. Nf3 Nf6 4. g3 g6 5. d4 exd4 6. Nxd4 Ne5 7. e4 d6 8. f4 Bg4
9. Be2 Bxe2 10. Qxe2 Nc6 11. Nxc6 bxc6 12. e5 dxe5 13. fxe5 Nd7 14. O-O Qe7 15.
Ne4 h6 16. Qg2 Rd8 17. Kh1 Bg7 18. Nf6+ Kf8 19. Nxd7+ Qxd7 20. Be3 a6 21. Rae1
Kg8 22. b3 Kh7 23. Qf3 Rhe8 24. Qxf7 Rxe5 25. Qxd7 Rxd7 26. Bf4 Rxe1 27. Rxe1
g5 28. Be3 Bc3 29. Rc1 Rd3 30. Bf2 Kg6 31. g4 Be5 32. Rc2 Bf4 33. Kg2 h5 34. gxh5+
Kxh5 35. h3 Kg6 36. Re2 Kf5 37. c5 Rc3 38. Re8 Rc2 39. Kf3 Rxa2 40. Rf8+ Ke5 41.
Re8+ Kd5 42. Rd8+ Ke6 43. Ra8 Rb2 44. Rxa6 Rxb3+ 45. Kg4 Rb2 46. Kf3 Kd5 47. Ra4
Be5 48. Rg4 Rb3+ 49. Kg2 Bf6 50. Ra4 Rc3 51. Ra8 Ke4 52. Re8+ Be5 53. Rg8 Bf4
54. Re8+ Kf5 1/2-1/2

[Event "XVIII MIEDZYNARODOWY FESTIWAL SZACHOWY PERLA BALTYKU - TURNIEJ KOLOWY Z NORMA IM"]
[Site "LAZY"]
[Date "1899-12-30"]
[Round "4.5"]
[White "Sriram, Jha"]
[Black "Nowak, Mikolaj"]
[Result "1/2-1/2"]
[WhiteTitle "GM"]
[BlackTitle "m"]
[WhiteElo "2361"]
[BlackElo "2351"]

1. Nf3 Nf6 2. d4 b6 3. Bf4 Ba6 4. Nc3 d5 5. e3 Bxf1 6. Rxf1 c6 7. Qd3 e6 8. O-O-O
Bb4 9. Nb5 Na6 10. a3 Be7 11. Nc3 Nb8 12. e4 dxe4 13. Nxe4 Nxe4 14. Qxe4 Qd5 15.
Qxd5 cxd5 16. Bxb8 Rxb8 17. Ne5 Rc8 18. f4 g6 19. g4 f6 20. Nd3 Kf7 21. h4 Bd6
22. Kd2 Rcf8 23. Rde1 h5 24. g5 fxg5 25. hxg5 Ke7 26. Re3 Kd7 27. c3 Rf5 28. Ref3
Rhf8 29. Ke3 a5 30. a4 Rc8 31. Ra1 1/2-1/2

[Event "XVIII MIEDZYNARODOWY FESTIWAL SZACHOWY PERLA BALTYKU - TURNIEJ KOLOWY Z NORMA IM"]
[Site "LAZY"]
[Date "1899-12-30"]
[Round "5.1"]
[White "Nowak, Mikolaj"]
[Black "Szczepinski, Michal"]
[Result "0-1"]
[WhiteTitle "m"]
[BlackTitle "m"]
[WhiteElo "2351"]
[BlackElo "2337"]

1. d4 Nf6 2. c4 g6 3. Nc3 Bg7 4. e4 d6 5. Nge2 O-O 6. Ng3 e5 7. d5 a5 8. Be2 Na6
9. h4 h5 10. Bg5 Qe8 11. Qd2 Nc5 12. O-O-O Ng4 13. Rdf1 f6 14. Bxg4 Bxg4 15. Be3
b6 16. Kb1 a4 17. Nb5 Rf7 18. Qc2 Qc8 19. f4 f5 20. exf5 gxf5 21. Ne2 Ne4 22.
Nbc3 Nxc3+ 23. Nxc3 a3 24. b3 Qd8 25. Nb5 Qf6 26. Bd2 Re8 27. Bc3 Qh6 28. Nxa3
exf4 29. Nb5 Re3 30. Bd4 Rfe7 31. Bxe3 fxe3 32. a4 Qf6 33. Ka2 e2 34. Re1 f4 35.
Qd2 Re3 36. Ka3 Qf5 37. Nd4 Qe4 38. Ne6 Bc3 39. Qc1 Qd3 40. Nxf4 Bb4+ 0-1

[Event "XVIII MIEDZYNARODOWY FESTIWAL SZACHOWY PERLA BALTYKU - TURNIEJ KOLOWY Z NORMA IM"]
[Site "LAZY"]
[Date "1899-12-30"]
[Round "5.2"]
[White "Gazik, Igor"]
[Black "Sriram, Jha"]
[Result "1-0"]
[WhiteTitle "IM"]
[BlackTitle "GM"]
[WhiteElo "2230"]
[BlackElo "2361"]

1. e4 c5 2. Nf3 Nc6 3. Nc3 g6 4. d4 cxd4 5. Nxd4 Bg7 6. Be3 Nf6 7. Bc4 O-O 8. Bb3
Re8 9. O-O d6 10. h3 Na5 11. f4 a6 12. Qf3 Nxb3 13. axb3 Qc7 14. g4 e6 15. g5
Nd7 16. h4 Rb8 17. h5 b5 18. b4 Qc4 19. Rad1 Bb7 20. Nde2 d5 21. exd5 Qxb4 22.
Bd4 Qxb2 23. Bxg7 Kxg7 24. Qh3 Nf8 25. hxg6 fxg6 26. dxe6 b4 27. f5 bxc3 28. f6+
Kh8 29. Qh6 Qb6+ 30. Rf2 Nxe6 31. Rd7 Qb1+ 32. Rf1 Qb6+ 33. Kh2 Re7 34. fxe7 1-0

[Event "XVIII MIEDZYNARODOWY FESTIWAL SZACHOWY PERLA BALTYKU - TURNIEJ KOLOWY Z NORMA IM"]
[Site "LAZY"]
[Date "1899-12-30"]
[Round "5.3"]
[White "Strzemiecki, Zbigniew"]
[Black "Grzesik, Gracjan"]
[Result "1/2-1/2"]
[WhiteTitle "IM"]
[BlackTitle "k"]
[WhiteElo "2351"]
[BlackElo "2218"]

1. c4 c5 2. Nc3 Nc6 3. g3 g6 4. Bg2 Bg7 5. e4 e6 6. Nge2 Nge7 7. O-O O-O 8. d3
d6 9. Be3 Nd4 10. Rb1 Nec6 11. a3 Rb8 12. b4 b6 13. b5 Nxe2+ 14. Nxe2 Nd4 15.
Nxd4 cxd4 16. Bd2 Bb7 17. f4 f5 18. exf5 Bxg2 19. Kxg2 gxf5 20. Qf3 Qd7 21. a4
Qb7 22. Bb4 Rfd8 23. Qxb7 Rxb7 24. a5 Bf8 25. Rfc1 Kf7 26. Kf3 Be7 27. axb6 axb6
28. Ra1 d5 29. Bxe7 Kxe7 30. c5 bxc5 31. Rxc5 1/2-1/2

[Event "XVIII MIEDZYNARODOWY FESTIWAL SZACHOWY PERLA BALTYKU - TURNIEJ KOLOWY Z NORMA IM"]
[Site "LAZY"]
[Date "1899-12-30"]
[Round "5.4"]
[White "Aarav, Dengla"]
[Black "Karpus, Michal"]
[Result "1/2-1/2"]
[WhiteTitle "k"]
[BlackTitle "FM"]
[WhiteElo "2109"]
[BlackElo "2185"]

1. e4 e5 2. Nf3 Nc6 3. Bb5 a6 4. Ba4 Nf6 5. O-O Be7 6. Re1 b5 7. Bb3 d6 8. c3 O-O
9. h3 Na5 10. Bc2 c5 11. d4 Nd7 12. d5 Nb6 13. Nbd2 Qc7 14. Nf1 Nb7 15. Qe2 c4
16. Be3 Nc5 17. b4 cxb3 18. axb3 f5 19. exf5 Bxf5 20. b4 Nca4 21. Bxf5 Rxf5 22.
Ng3 Rf7 23. Bxb6 Nxb6 24. Qd3 Qb7 25. Rad1 Raf8 26. Re4 Nc4 27. Qe2 Qc8 28. Rg4
Bd8 29. Ne4 Bb6 30. Neg5 Rf5 31. Qe4 g6 32. Ne6 R8f6 33. h4 Qa8 34. Rg5 Qa7 35.
Qe2 h6 36. Rg4 1/2-1/2

[Event "XVIII MIEDZYNARODOWY FESTIWAL SZACHOWY PERLA BALTYKU - TURNIEJ KOLOWY Z NORMA IM"]
[Site "LAZY"]
[Date "1899-12-30"]
[Round "5.5"]
[White "Sliwicka, Alicja"]
[Black "Strebkovs, Andrejs"]
[Result "0-1"]
[WhiteTitle "WIM"]
[BlackTitle "IM"]
[WhiteElo "2257"]
[BlackElo "2283"]

1. e4 c6 2. d4 d5 3. e5 Bf5 4. h4 a6 5. Nc3 h5 6. Bd3 Bxd3 7. Qxd3 e6 8. Nce2 c5
9. c3 Nc6 10. Nf3 Rc8 11. O-O cxd4 12. Nexd4 Nge7 13. Bg5 Qb6 14. Rad1 Nxd4 15.
Nxd4 Nc6 16. Nxe6 fxe6 17. Qg6+ Kd7 18. c4 d4 19. f4 Be7 20. f5 Rce8 21. Qxe6+
Kc7 22. Qf7 Kb8 23. Bf4 Ka8 24. Rd3 Nb4 25. Rb3 d3+ 26. Kh2 Qd4 27. a3 Nc6 28.
f6 Nxe5 29. Qxg7 Ng4+ 30. Kh1 Qxf6 31. Qxf6 Bxf6 32. Rxd3 Re2 33. Bg3 Rxb2 34.
Rdf3 Bd4 35. Bd6 Rf2 36. R1xf2 Bxf2 37. g3 b6 38. Kg2 Bd4 39. Rd3 Bc5 40. Bf4
Rh7 41. Kf3 Kb7 42. a4 Kc6 43. Rd8 Nf6 44. Ra8 a5 45. Rd8 Rd7 46. Rc8+ Kb7 47.
Rb8+ Ka7 48. Rh8 Rd3+ 49. Ke2 Ra3 50. Rh6 Ne4 51. Rh7+ Ka8 52. Rg7 Bd6 53. Be3
Nxg3+ 54. Kf2 Nf5 55. Rg8+ Kb7 0-1